Správa z podujatí: Controlling prakticky na PHF EU Košice
Pri príležitosti Týždňa vedy a techniky na Slovensku v roku 2024 sa na Podnikovohospodárskej fakulte EU v Bratislave so sídlom v Košiciach uskutočnili v novembri 2024 prednášky spojené s diskusiou pre študentov predmetu Vnútropodnikový controlling, vedené odborníkmi z praxe.
Uložené v:
| Hlavný autor: | |
|---|---|
| Ďalší autori: | , |
| Médium: | Kapitola |
| Jazyk: | Slovak |
| Predmet: | |
| Tagy: |
Žiadne tagy, Buďte prvý, kto otaguje tento záznam!
|
MARC
| LEADER | 00000naa a2200000 4500 | ||
|---|---|---|---|
| 001 | 0306064 | ||
| 005 | 20250120092302.6 | ||
| 041 | 0 | |a slo | |
| 044 | |a SK | ||
| 245 | 1 | 0 | |a Správa z podujatí: Controlling prakticky na PHF EU Košice |c Cecília Olexová, Lívia Lengerová, Nora Jenőfiová |
| 520 | |a Pri príležitosti Týždňa vedy a techniky na Slovensku v roku 2024 sa na Podnikovohospodárskej fakulte EU v Bratislave so sídlom v Košiciach uskutočnili v novembri 2024 prednášky spojené s diskusiou pre študentov predmetu Vnútropodnikový controlling, vedené odborníkmi z praxe. | ||
| 610 | 2 | 0 | |a prednášky |
| 610 | 2 | 0 | |a diskusia |
| 610 | 2 | 0 | |a študenti |
| 610 | 2 | 0 | |a predmety učebné |
| 610 | 2 | 0 | |a odbornosť |
| 610 | 2 | 0 | |a prax odborná |
| 610 | 2 | 0 | |a náklady |
| 610 | 2 | 0 | |a podnik výrobný |
| 100 | 1 | |a Olexová, Cecília, 1976- | |
| 700 | 1 | |a Lengerová, Lívia | |
| 700 | 1 | |a Jenőfiová, Nora | |